[Event "Torneo Zicosur 2016"]
[Site "?"]
[Date "2016.01.06"]
[Round "3.38"]
[White "OROSTICA, Pablo"]
[Black "DONOSO, Sebastian"]
[Result "0-1"]
[WhiteElo "1811"]
[BlackElo "2109"]
[PlyCount "131"]
[EventDate "2016.??.??"]
[SourceDate "2016.01.06"]

1. d4 d5 2. c4 e6 3. e3 Nf6 4. Nf3 c5 5. Be2 dxc4 6. Qa4+ Nc6 7. O-O a6 8. Nc3
b5 9. Nxb5 Bd7 10. Na3 Nxd4 11. Qd1 Nxe2+ 12. Qxe2 c3 13. Rd1 cxb2 14. Bxb2 Be7
15. Ne5 O-O 16. Nc6 Qe8 17. Nxe7+ Qxe7 18. Be5 Rfc8 19. Rac1 Ba4 20. Rd6 Ne8
21. Rxa6 f6 22. Qc4 Bc6 23. Bf4 Bd5 24. Rxa8 Rxa8 25. Qc3 e5 26. Bg3 Bxa2 27.
Nc4 Qe6 28. Nd2 Qd5 29. Nf1 Nd6 30. f3 Nc4 31. Bf2 Ra3 32. Qc2 e4 33. Rd1 Qa8
34. Qxe4 Qxe4 35. fxe4 Kf7 36. Rd7+ Ke6 37. Rd5 Nd6 38. Rxc5 Bc4 39. Be1 Ra1
40. Rxc4 Nxc4 41. Kf2 Ne5 42. Bc3 Ra2+ 43. Kg3 Nc6 44. h3 Rc2 45. Bd4 Nxd4 46.
exd4 Rc4 47. d5+ Ke5 48. Nd2 Rc2 49. Nf3+ Kxe4 50. d6 Rc6 51. Nd2+ Kd3 52. d7
Rd6 53. Nb3 Kc4 54. Na5+ Kb5 55. Nb3 Rxd7 56. Nc1 Rd2 57. Kf3 Kc4 58. Ne2 Kd5
59. Nf4+ Ke5 60. Ke3 Ra2 61. Nd3+ Kf5 62. g4+ Kg5 63. Ke4 Kh4 64. Nc5 Kxh3 65.
Ne6 Kxg4 66. Nxg7 0-1

[Event "Zicosur 2016"]
[Site "?"]
[Date "2016.01.06"]
[Round "3.20"]
[White "DUARTE, Leonardo"]
[Black "ESTRADA, Cristian"]
[Result "1-0"]
[WhiteElo "2338"]
[BlackElo "1996"]
[PlyCount "105"]
[EventDate "2016.??.??"]
[SourceDate "2016.01.06"]

1. e4 c5 2. Nf3 e6 3. d4 cxd4 4. Nxd4 a6 5. Nc3 Qc7 6. Be2 b5 7. O-O Bb7 8. Re1
Nc6 9. Nxc6 dxc6 10. e5 Rd8 11. Bd3 c5 12. Qh5 g6 13. Qe2 Bg7 14. a4 b4 15. Ne4
Bxe4 16. Qxe4 a5 17. Bb5+ Kf8 18. c3 Ne7 19. Bf4 Kg8 20. cxb4 axb4 21. Rad1 h6
22. Rxd8+ Qxd8 23. h4 Qd5 24. Qxd5 Nxd5 25. Bg3 Kh7 26. Rc1 Rc8 27. f4 Bf8 28.
Kf2 Nc7 29. Bc4 Ra8 30. b3 Rd8 31. Rc2 Rd4 32. Kf3 Nd5 33. a5 Nc3 34. Be1 Nb1
35. a6 Be7 36. Rc1 Na3 37. Be2 Rd7 38. Bf2 Rc7 39. g4 Kg7 40. Ke4 Kf8 41. f5
Ke8 42. f6 Bf8 43. Rd1 c4 44. bxc4 b3 45. a7 Rc8 46. Bd4 Nc2 47. c5 Nxd4 48.
Rxd4 Bxc5 49. Rc4 b2 50. Bd3 Ra8 51. Rxc5 Rxa7 52. Rb5 Ra4+ 53. Kf3 1-0

[Event "ZICOSUR 2016"]
[Site "?"]
[Date "2016.01.06"]
[Round "3.14"]
[White "VERGARA, Felipe"]
[Black "VALENZUELA, Luis"]
[Result "1/2-1/2"]
[WhiteElo "2114"]
[BlackElo "2458"]
[PlyCount "91"]
[EventDate "2016.??.??"]
[SourceDate "2016.01.06"]

1. e4 c5 2. Nf3 e6 3. d4 cxd4 4. Nxd4 a6 5. c4 Nf6 6. Nc3 Qc7 7. Qf3 Nc6 8.
Nxc6 dxc6 9. Qg3 Qxg3 10. hxg3 e5 11. Be3 b5 12. f3 Be7 13. Kf2 O-O 14. Be2 Be6
15. Rhc1 Rfc8 16. Nb1 Nd7 17. Nd2 b4 18. c5 Rd8 19. Nc4 a5 20. Nb6 Rab8 21. Na4
h5 22. b3 g6 23. Rd1 Kg7 24. Rac1 f5 25. exf5 gxf5 26. f4 Nf6 27. Bf3 e4 28.
Be2 Ng4+ 29. Bxg4 hxg4 30. Bd4+ Kf7 31. Be5 Rxd1 32. Rxd1 Rd8 33. Rxd8 Bxd8 34.
Ke3 Bc8 35. Nb2 Ba6 36. Kd2 Be7 37. Bd4 Ke8 38. Nd1 Bc8 39. Ne3 Be6 40. Kc2 Kd8
41. Kb2 Kc8 42. a4 bxa3+ 43. Kxa3 Kb7 44. Ka4 Ka6 45. Nc2 Bf8 46. Ne3 1/2-1/2

[Event "Zicosur 2016"]
[Site "?"]
[Date "2016.01.06"]
[Round "3.28"]
[White "PUEBLA, Claudio"]
[Black "AGUILAR, Pedro"]
[Result "1-0"]
[WhiteElo "2216"]
[BlackElo "1877"]
[PlyCount "117"]
[EventDate "2016.??.??"]
[SourceDate "2016.01.06"]

1. e4 e5 2. Nf3 Nc6 3. Bb5 a6 4. Ba4 Nf6 5. O-O Nxe4 6. d4 b5 7. Bb3 d5 8. dxe5
Be6 9. Be3 Na5 10. Nbd2 Nxd2 11. Qxd2 c5 12. Bg5 Nxb3 13. axb3 Be7 14. Bxe7
Qxe7 15. Ra5 O-O 16. Rfa1 Qb7 17. b4 cxb4 18. Qxb4 Rfc8 19. Nd4 Rc4 20. Qd2 Ra4
21. b3 Rxa1+ 22. Rxa1 Qb6 23. h3 a5 24. Kh2 h6 25. f4 Bd7 26. Ra2 Ra7 27. c3 a4
28. Qb2 Qc7 29. bxa4 bxa4 30. Nb5 Bxb5 31. Qxb5 Qa5 32. Qb8+ Kh7 33. Ra3 Qc5
34. Qb4 Qxb4 35. cxb4 d4 36. Kg1 Kg8 37. Kf2 Kf8 38. Ke2 Ke7 39. Kd3 Kd7 40.
Kxd4 Kc6 41. Kc4 Kb6 42. f5 Rc7+ 43. Kd5 Rd7+ 44. Ke4 Kb5 45. e6 fxe6 46. fxe6
Ra7 47. Ke5 Kxb4 48. Ra1 a3 49. Kd6 Kb3 50. e7 Ra8 51. Kd7 Ra7+ 52. Ke6 Ra8 53.
Kf7 Kb2 54. Rxa3 Kxa3 55. e8=Q Rxe8 56. Kxe8 h5 57. Kf7 g5 58. Kg6 g4 59. h4
1-0

[Event "Zicosur 2016"]
[Site "?"]
[Date "2016.01.06"]
[Round "3.26"]
[White "BULGARINI, Marco"]
[Black "RESQUEJO, Osvaldo"]
[Result "1/2-1/2"]
[WhiteElo "1989"]
[BlackElo "2240"]
[PlyCount "179"]
[EventDate "2016.??.??"]
[SourceDate "2016.01.06"]

1. e4 e5 2. Nf3 Nc6 3. Bc4 Nf6 4. Nc3 Nxe4 5. O-O Nd6 6. Bb3 Be7 7. Re1 O-O 8.
Nxe5 Nxe5 9. Rxe5 Bf6 10. Re1 Nf5 11. Nd5 c6 12. Nxf6+ Qxf6 13. c3 Nh4 14. Qh5
d5 15. d4 h6 16. Bd1 Bf5 17. g3 Ng6 18. Bg4 Bxg4 19. Qxg4 Rae8 20. Bd2 Re6 21.
h4 Rfe8 22. h5 Nf8 23. Rxe6 Qxe6 24. Qxe6 fxe6 25. Re1 Nd7 26. f3 Kf7 27. Bf4
c5 28. Kf2 Rc8 29. Be5 Rc6 30. g4 b5 31. a3 a5 32. Re2 b4 33. axb4 axb4 34.
dxc5 Nxc5 35. Bd4 Nd7 36. cxb4 Rc4 37. Rd2 Rxb4 38. Bc3 Rb5 39. Re2 Nb8 40. Rc2
Rc5 41. Rd2 Nc6 42. f4 Rc4 43. Ke3 Re4+ 44. Kf3 Ra4 45. b3 Ra3 46. Rb2 Na7 47.
Bb4 Ra6 48. Rc2 Nc6 49. Bc5 e5 50. fxe5 Nxe5+ 51. Kg3 Nc6 52. Rf2+ Ke6 53. Bf8
Ra7 54. Re2+ Kf7 55. Rf2+ Ke6 56. Re2+ Kf6 57. Rc2 Na5 58. Ra2 Nc6 59. Rc2 Na5
60. Rf2+ Ke6 61. b4 Nc4 62. Re2+ Kf7 63. Rf2+ Kg8 64. Bc5 Rd7 65. Rf8+ Kh7 66.
Bd4 Nd6 67. Rb8 Re7 68. Bc5 Ne4+ 69. Kf4 Nxc5 70. bxc5 Re4+ 71. Kf5 Rc4 72. Rc8
d4 73. Ke4 d3+ 74. Kxd3 Rxg4 75. c6 Rg1 76. Kd4 Rc1 77. Ke5 Re1+ 78. Kd6 Rd1+
79. Kc7 Rh1 80. Rd8 Rxh5 81. Kd6 Rh1 82. c7 Rc1 83. c8=Q Rxc8 84. Rxc8 Kg6 85.
Ke6 Kg5 86. Kf7 h5 87. Rc5+ Kg4 88. Kg6 h4 89. Rg5+ Kf3 90. Rg1 1/2-1/2

[Event "Zicosur  2016"]
[Site "?"]
[Date "2016.01.06"]
[Round "3.31"]
[White "ANDUEZA, Danilo"]
[Black "MELENDES, Fernando"]
[Result "1-0"]
[WhiteElo "2173"]
[BlackElo "1830"]
[PlyCount "83"]
[EventDate "2016.??.??"]
[SourceDate "2016.01.06"]

1. d4 Nf6 2. c4 g6 3. Nc3 Bg7 4. e4 d6 5. Bd3 e5 6. d5 Na6 7. Nge2 Bd7 8. h3 c6
9. Bg5 h6 10. Be3 Nb4 11. Bb1 cxd5 12. cxd5 Na6 13. O-O O-O 14. Qd2 Kh7 15. Ng3
Nc7 16. f4 b5 17. Bd3 b4 18. Nce2 a5 19. Rac1 Nce8 20. Kh1 h5 21. Ng1 Rh8 22.
Nf3 Kg8 23. Ng5 h4 24. Ne2 exf4 25. Nxf4 Bh6 26. Nxf7 Kxf7 27. e5 Bxf4 28. e6+
Bxe6 29. dxe6+ Kxe6 30. Rxf4 Kf7 31. Rcf1 g5 32. R4f2 g4 33. Bd4 gxh3 34. gxh3
Qd7 35. Bxf6 Qc6+ 36. Kh2 Nxf6 37. Rxf6+ Ke7 38. Rf7+ Ke8 39. Qe2+ Kd8 40. Qe7+
Kc8 41. Rf8+ Qe8 42. Qxe8+ 1-0

[Event "II Zicosur 2016"]
[Site "Antofagasta"]
[Date "2016.01.07"]
[Round "5"]
[White "Garcia Cardenas, Pablo"]
[Black "Vera Siguenas, Deivy"]
[Result "1-0"]
[WhiteElo "2405"]
[BlackElo "2498"]
[Annotator "Robot 9"]
[PlyCount "197"]
[EventDate "2016.??.??"]
[EventCountry "CHI"]
[TimeControl "5400+30"]

1. d4 {[%emt 0:00:00]} Nf6 {[%emt 0:00:00]} 2. c4 {[%emt 0:00:00]} g6 {[%emt 0:
00:00]} 3. Nf3 {[%emt 0:00:00]} Bg7 {[%emt 0:00:00]} 4. g3 {[%emt 0:00:15]} O-O
{[%emt 0:00:00]} 5. Bg2 {[%emt 0:00:04]} d6 {[%emt 0:00:00]} 6. O-O {[%emt 0:
00:29]} Nc6 {[%emt 0:00:06]} 7. Nc3 {[%emt 0:00:38]} a6 {[%emt 0:00:04]} 8. Bf4
{[%emt 0:00:37]} h6 {[%emt 0:00:10]} 9. h3 {[%emt 0:00:51]} Rb8 {[%emt 0:00:10]
} 10. Rc1 {[%emt 0:00:40]} g5 {[%emt 0:01:01]} 11. Bd2 {[%emt 0:00:24]} Bd7 {
[%emt 0:06:43]} 12. b3 {[%emt 0:09:05]} e6 {[%emt 0:18:52]} 13. d5 {[%emt 0:05:
52]} Ne7 {[%emt 0:00:34]} 14. e4 {[%emt 0:13:50]} Ng6 {[%emt 0:01:59]} 15. dxe6
{[%emt 0:05:28]} fxe6 {[%emt 0:03:39]} 16. e5 {[%emt 0:02:28]} dxe5 {[%emt 0:
01:02]} 17. Re1 {[%emt 0:02:00]} Nh7 {[%emt 0:10:55]} 18. Qc2 {[%emt 0:04:18]}
Qf6 {[%emt 0:03:44]} 19. Ne4 {[%emt 0:02:32]} Qf7 {[%emt 0:00:37]} 20. Bb4 {
[%emt 0:06:59]} Rfe8 {[%emt 0:01:07]} 21. Re2 {[%emt 0:04:45]} Bc6 {[%emt 0:01:
20]} 22. Bc3 {[%emt 0:05:14]} Nhf8 {[%emt 0:06:32]} 23. Rce1 {[%emt 0:02:30]}
Nd7 {[%emt 0:01:30]} 24. Qb2 {[%emt 0:01:10]} Rbd8 {[%emt 0:02:50]} 25. Qa1 {
[%emt 0:03:12]} Qf5 {[%emt 0:09:28]} 26. Re3 {[%emt 0:02:34]} b5 {[%emt 0:15:
48]} 27. cxb5 {[%emt 0:00:40]} axb5 {[%emt 0:00:23]} 28. Ned2 {[%emt 0:04:42]}
Rf8 {[%emt 0:03:27]} 29. Qc1 {[%emt 0:01:48]} Bd5 {[%emt 0:00:59]} 30. a4 {
[%emt 0:01:30]} bxa4 {[%emt 0:00:35]} 31. bxa4 {[%emt 0:00:01]} h5 {[%emt 0:00:
32]} 32. Qb1 {[%emt 0:05:35]} g4 {[%emt 0:01:39]} 33. hxg4 {[%emt 0:02:49]}
Qxb1 {[%emt 0:03:54]} 34. Nxb1 {[%emt 0:00:45]} hxg4 {[%emt 0:00:04]} 35. Nh2 {
[%emt 0:00:44]} Bxg2 {[%emt 0:00:32]} 36. Kxg2 {[%emt 0:00:01]} Nf6 {[%emt 0:
00:10]} 37. R3e2 {[%emt 0:01:39]} Ra8 {[%emt 0:01:25]} 38. a5 {[%emt 0:00:45]}
Rfd8 {[%emt 0:03:12]} 39. Bxe5 {[%emt 0:01:22]} Nxe5 {[%emt 0:00:15]} 40. Rxe5
{[%emt 0:00:01]} Rd5 {[%emt 0:00:14]} 41. Rxe6 {[%emt 0:00:17]} Rdxa5 {[%emt 0:
03:13]} 42. Nc3 {[%emt 0:01:41]} Rf8 {[%emt 0:01:11]} 43. Ne4 {[%emt 0:00:47]}
Ra4 {[%emt 0:00:03]} 44. Nxf6+ {[%emt 0:00:12]} Rxf6 {[%emt 0:00:04]} 45. R6e4
{[%emt 0:00:10]} Rxe4 {[%emt 0:00:11]} 46. Rxe4 {[%emt 0:00:01]} c5 {[%emt 0:
00:05]} 47. Re8+ {[%emt 0:02:27]} Bf8 {[%emt 0:00:38]} 48. Nxg4 {[%emt 0:00:02]
} Rc6 {[%emt 0:00:06]} 49. Ne5 {[%emt 0:00:05]} Rc7 {[%emt 0:01:58]} 50. Ng6 {
[%emt 0:01:06]} Kf7 {[%emt 0:00:02]} 51. Rxf8+ {[%emt 0:00:05]} Kxg6 {[%emt 0:
00:02]} 52. Rf3 {[%emt 0:07:24]} c4 {[%emt 0:00:05]} 53. Rc3 {[%emt 0:00:01]}
Kf5 {[%emt 0:00:03]} 54. Kf3 {[%emt 0:00:05]} Ke5 {[%emt 0:00:02]} 55. Ke3 {
[%emt 0:00:26]} Kd5 {[%emt 0:00:03]} 56. g4 {[%emt 0:00:18]} Re7+ {[%emt 0:00:
06]} 57. Kf4 {[%emt 0:00:43]} Kd4 {[%emt 0:00:43]} 58. Rc1 {[%emt 0:00:19]}
Rf7+ {[%emt 0:00:03]} 59. Kg3 {[%emt 0:00:04]} Kd3 {[%emt 0:00:47]} 60. g5 {
[%emt 0:00:10]} c3 {[%emt 0:00:02]} 61. f4 {[%emt 0:00:12]} Kd2 {[%emt 0:00:07]
} 62. Ra1 {[%emt 0:00:54]} c2 {[%emt 0:03:15]} 63. Kf3 {[%emt 0:03:19]} Ra7 {
[%emt 0:01:06]} 64. Rf1 {[%emt 0:01:39]} Ra3+ {[%emt 0:00:06]} 65. Kg4 {
[%emt 0:00:19]} Re3 {[%emt 0:00:08]} 66. Ra1 {[%emt 0:00:26]} Ra3 {[%emt 0:00:
17]} 67. Rf1 {[%emt 0:00:57]} Re3 {[%emt 0:00:02]} 68. g6 {[%emt 0:00:41]} Re1
{[%emt 0:00:08]} 69. Rxe1 {[%emt 0:00:02]} Kxe1 {[%emt 0:00:05]} 70. g7 {
[%emt 0:00:01]} Kf2 {[%emt 0:00:32]} 71. g8=Q {[%emt 0:00:06]} c1=Q {[%emt 0:
00:04]} 72. Qa2+ {[%emt 0:00:31]} Ke3 {[%emt 0:00:04]} 73. Qe6+ {[%emt 0:00:06]
} Kd3 {[%emt 0:00:15]} 74. Qd5+ {[%emt 0:00:05]} Ke3 {[%emt 0:00:28]} 75. Qe5+
{[%emt 0:00:12]} Kd3 {[%emt 0:00:05]} 76. f5 {[%emt 0:01:02]} Qc4+ {[%emt 0:01:
08]} 77. Kg5 {[%emt 0:00:23]} Qg8+ {[%emt 0:01:19]} 78. Kh6 {[%emt 0:00:07]}
Qf8+ {[%emt 0:00:04]} 79. Kg6 {[%emt 0:00:03]} Qg8+ {[%emt 0:00:03]} 80. Qg7 {
[%emt 0:00:04]} Qe8+ {[%emt 0:00:03]} 81. Qf7 {[%emt 0:00:23]} Qe4 {[%emt 0:00:
05]} 82. Qb3+ {[%emt 0:00:18]} Kd2 {[%emt 0:00:04]} 83. Kg5 {[%emt 0:03:11]}
Qe5 {[%emt 0:00:41]} 84. Kg6 {[%emt 0:00:37]} Qe4 {[%emt 0:00:04]} 85. Qe6 {
[%emt 0:00:18]} Qb1 {[%emt 0:01:05]} 86. Qd5+ {[%emt 0:00:09]} Ke3 {[%emt 0:00:
21]} 87. Qc5+ {[%emt 0:00:35]} Kf4 {[%emt 0:01:28]} 88. Qd4+ {[%emt 0:00:04]}
Kf3 {[%emt 0:00:08]} 89. Kf6 {[%emt 0:00:56]} Qb8 {[%emt 0:00:30]} 90. Qd3+ {
[%emt 0:00:09]} Kf4 {[%emt 0:00:31]} 91. Qf1+ {[%emt 0:00:17]} Ke3 {[%emt 0:00:
36]} 92. Qe1+ {[%emt 0:00:06]} Kf3 {[%emt 0:00:10]} 93. Kf7 {[%emt 0:00:44]}
Qb3+ {[%emt 0:01:35]} 94. Qe6 {[%emt 0:00:15]} Qb7+ {[%emt 0:00:05]} 95. Kg6 {
[%emt 0:00:08]} Qb1 {[%emt 0:00:03]} 96. Qd5+ {[%emt 0:00:13]} Ke3 {[%emt 0:00:
43]} 97. Kf7 {[%emt 0:01:08]} Kf4 {[%emt 0:01:31]} 98. f6 {[%emt 0:00:02]} Qh7+
{[%emt 0:01:04]} 99. Ke8 {[%emt 0:00:34] Ke4} 1-0

[Event "II Zicosur 2016"]
[Site "Antofagasta"]
[Date "2016.01.07"]
[Round "5"]
[White "Pichot, Alan"]
[Black "Cruz, Cristhian"]
[Result "1-0"]
[WhiteElo "2517"]
[BlackElo "2553"]
[Annotator "Robot 9"]
[PlyCount "61"]
[EventDate "2016.??.??"]
[EventCountry "CHI"]
[TimeControl "5400+30"]

1. e4 {[%emt 0:00:00]} e6 {[%emt 0:00:00]} 2. d4 {[%emt 0:00:00]} d5 {[%emt 0:
00:00]} 3. Nc3 {[%emt 0:00:00]} Bb4 {[%emt 0:01:02]} 4. e5 {[%emt 0:01:02]} c5
{[%emt 0:00:38]} 5. a3 {[%emt 0:00:08]} Bxc3+ {[%emt 0:00:05]} 6. bxc3 {
[%emt 0:00:05]} Qa5 {[%emt 0:00:18]} 7. Bd2 {[%emt 0:00:13]} Qa4 {[%emt 0:00:
07]} 8. Qb1 {[%emt 0:04:08]} c4 {[%emt 0:01:10]} 9. h4 {[%emt 0:01:02]} Nc6 {
[%emt 0:01:04]} 10. h5 {[%emt 0:02:13]} h6 {[%emt 0:02:03]} 11. Ne2 {[%emt 0:
04:21]} Nge7 {[%emt 0:04:31]} 12. Rh3 {[%emt 0:07:50]} Bd7 {[%emt 0:01:23]} 13.
Rf3 {[%emt 0:01:24]} Rf8 {[%emt 0:04:27]} 14. g4 {[%emt 0:06:23]} O-O-O {
[%emt 0:01:24]} 15. g5 {[%emt 0:06:12]} Nf5 {[%emt 0:25:18]} 16. Bh3 {[%emt 0:
06:36]} hxg5 {[%emt 0:03:48]} 17. Bxf5 {[%emt 0:04:45]} exf5 {[%emt 0:00:42]}
18. Bxg5 {[%emt 0:00:09]} Rde8 {[%emt 0:01:32]} 19. Kf1 {[%emt 0:07:23]} Nd8 {
[%emt 0:14:16]} 20. Bxd8 {[%emt 0:02:51]} Rxd8 {[%emt 0:00:02]} 21. Nf4 {
[%emt 0:01:18]} Rh8 {[%emt 0:06:31]} 22. Ke2 {[%emt 0:06:22]} Be6 {[%emt 0:06:
42]} 23. Rg3 {[%emt 0:03:37]} Rh7 {[%emt 0:02:01]} 24. Kd2 {[%emt 0:01:43]} Qe8
{[%emt 0:03:39]} 25. Qg1 {[%emt 0:03:08]} Qh8 {[%emt 0:00:09]} 26. Qg2 {
[%emt 0:01:28]} g6 {[%emt 0:07:29]} 27. hxg6 {[%emt 0:05:55]} Rh4 {[%emt 0:00:
11]} 28. Rh3 {[%emt 0:02:56]} Rxh3 {[%emt 0:00:54]} 29. Qxh3 {[%emt 0:00:40]}
Qxh3 {[%emt 0:00:05]} 30. Nxh3 {[%emt 0:00:05]} fxg6 {[%emt 0:00:01]} 31. Ng5 {
[%emt 0:00:20]} 1-0

[Event "II Zicosur 2016"]
[Site "Antofagasta"]
[Date "2016.01.07"]
[Round "5"]
[White "Granda Zuniga, Julio E"]
[Black "Alarcon Bahamondes, Roberto"]
[Result "1-0"]
[WhiteElo "2683"]
[BlackElo "2257"]
[Annotator "Robot 9"]
[PlyCount "85"]
[EventDate "2016.??.??"]
[EventCountry "CHI"]
[TimeControl "5400+30"]

1. f4 {[%emt 0:00:00]} d5 {[%emt 0:00:00]} 2. Nf3 {[%emt 0:00:00]} g6 {[%emt 0:
00:02]} 3. d3 {[%emt 0:00:00]} Bg7 {[%emt 0:00:09]} 4. Nbd2 {[%emt 0:00:00]}
Nh6 {[%emt 0:01:47]} 5. e4 {[%emt 0:00:00]} c6 {[%emt 0:04:34]} 6. e5 {[%emt 0:
00:48]} O-O {[%emt 0:00:45]} 7. Be2 {[%emt 0:00:46]} f6 {[%emt 0:02:05]} 8. Nb3
{[%emt 0:00:02]} b6 {[%emt 0:08:04]} 9. c3 {[%emt 0:00:20]} c5 {[%emt 0:00:53]}
10. d4 {[%emt 0:00:08]} c4 {[%emt 0:08:24]} 11. Nbd2 {[%emt 0:00:07]} Ng4 {
[%emt 0:02:08]} 12. Nf1 {[%emt 0:00:11]} Nc6 {[%emt 0:02:17]} 13. h3 {[%emt 0:
01:29]} Nh6 {[%emt 0:02:25]} 14. g4 {[%emt 0:00:04]} b5 {[%emt 0:03:18]} 15.
Ng3 {[%emt 0:04:52]} f5 {[%emt 0:02:58]} 16. g5 {[%emt 0:00:10]} Nf7 {[%emt 0:
00:55]} 17. h4 {[%emt 0:00:02]} Qb6 {[%emt 0:03:12]} 18. h5 {[%emt 0:00:08]} a5
{[%emt 0:01:57]} 19. Nh4 {[%emt 0:01:14]} Ncd8 {[%emt 0:01:34]} 20. Bf3 {
[%emt 0:00:11]} Bb7 {[%emt 0:03:38]} 21. Qe2 {[%emt 0:00:02]} Re8 {[%emt 0:02:
56]} 22. Be3 {[%emt 0:00:43]} Nh8 {[%emt 0:00:58]} 23. hxg6 {[%emt 0:02:58]}
hxg6 {[%emt 0:00:12]} 24. Qh2 {[%emt 0:01:11]} Rf8 {[%emt 0:13:50]} 25. Nhxf5
Rxf5 {[%emt 0:01:18]} 26. Nxf5 {[%emt 0:00:26]} gxf5 {[%emt 0:00:23]} 27. Qh7+
{[%emt 0:00:02]} Kf8 {[%emt 0:00:22]} 28. Qxf5+ {[%emt 0:00:00]} Kg8 {[%emt 0:
00:36]} 29. Qh7+ {[%emt 0:00:13]} Kf8 {[%emt 0:00:30]} 30. f5 {[%emt 0:00:13]}
Bxe5 {[%emt 0:02:23]} 31. f6 {[%emt 0:00:45]} Nhf7 {[%emt 0:00:09]} 32. Qg7+ {
[%emt 0:00:08]} Ke8 33. Qg8+ {[%emt 0:00:02]} Kd7 {[%emt 0:01:09]} 34. Bg4+ {
[%emt 0:00:03]} e6 {[%emt 0:03:45]} 35. Rh7 {[%emt 0:00:14]} Bg3+ {[%emt 0:04:
59]} 36. Ke2 {[%emt 0:00:09]} b4 {[%emt 0:00:30]} 37. Rxf7+ Kc8 38. Rf8 {
[%emt 0:00:46]} bxc3 {[%emt 0:01:13]} 39. bxc3 {[%emt 0:00:24]} Qb2+ {[%emt 0:
00:16]} 40. Kf3 {[%emt 0:00:09]} Qxa1 {[%emt 0:00:28]} 41. Kxg3 {[%emt 0:00:22]
} Qe1+ {[%emt 0:01:06]} 42. Bf2 {[%emt 0:00:09]} Qxc3+ {[%emt 0:00:14]} 43. Kg2
{[%emt 0:00:04]} 1-0

[Event "II Zicosur 2016"]
[Site "Antofagasta"]
[Date "2016.01.07"]
[Round "5"]
[White "Perez Ponsa, Federico"]
[Black "Cheparinov, Ivan"]
[Result "1/2-1/2"]
[WhiteElo "2577"]
[BlackElo "2682"]
[Annotator "Robot 9"]
[PlyCount "76"]
[EventDate "2016.??.??"]
[EventCountry "CHI"]
[TimeControl "5400+30"]

1. e4 {[%emt 0:00:00]} e5 {[%emt 0:00:00]} 2. Nf3 {[%emt 0:00:00]} Nc6 {
[%emt 0:00:00]} 3. Bb5 {[%emt 0:00:00]} a6 {[%emt 0:00:00]} 4. Ba4 {[%emt 0:00:
00]} Nf6 {[%emt 0:00:00]} 5. O-O {[%emt 0:00:00]} Be7 {[%emt 0:00:00]} 6. d3 {
[%emt 0:00:39]} b5 {[%emt 0:00:04]} 7. Bb3 {[%emt 0:00:04]} d6 {[%emt 0:00:24]}
8. a3 {[%emt 0:00:12]} O-O {[%emt 0:00:11]} 9. Nc3 {[%emt 0:00:05]} Rb8 {
[%emt 0:02:10]} 10. h3 {[%emt 0:02:37]} Na5 {[%emt 0:02:43]} 11. Ba2 {[%emt 0:
00:06]} c5 {[%emt 0:00:07]} 12. Bg5 {[%emt 0:06:16]} Be6 {[%emt 0:06:05]} 13.
Bxf6 {[%emt 0:04:26]} Bxf6 {[%emt 0:00:06]} 14. Nd5 {[%emt 0:00:16]} c4 {
[%emt 0:01:36]} 15. dxc4 {[%emt 0:01:19]} Nxc4 {[%emt 0:00:25]} 16. Bxc4 {
[%emt 0:10:10]} bxc4 {[%emt 0:00:07]} 17. b3 {[%emt 0:00:26]} cxb3 {[%emt 0:06:
24]} 18. cxb3 {[%emt 0:00:05]} Bxd5 {[%emt 0:04:13]} 19. Qxd5 {[%emt 0:00:06]}
Rb5 {[%emt 0:00:05]} 20. Qd3 {[%emt 0:07:43]} d5 {[%emt 0:00:06]} 21. Rab1 {
[%emt 0:06:35]} dxe4 {[%emt 0:06:44]} 22. Qxe4 {[%emt 0:00:06]} Qa5 {[%emt 0:
00:20]} 23. a4 {[%emt 0:05:43]} Rb4 {[%emt 0:03:55]} 24. Qc2 {[%emt 0:00:30]}
h6 {[%emt 0:00:30]} 25. Nd2 {[%emt 0:00:30]} Rd8 {[%emt 0:00:30]} 26. Nc4 {
[%emt 0:04:34]} Qc5 {[%emt 0:16:15]} 27. Rfd1 {[%emt 0:01:05]} Rd4 {[%emt 0:01:
20]} 28. Rxd4 {[%emt 0:06:07]} exd4 {[%emt 0:00:08]} 29. Qe4 {[%emt 0:02:49]}
Rb8 {[%emt 0:00:32]} 30. g3 {[%emt 0:06:40]} Qb4 {[%emt 0:04:39]} 31. Kg2 {
[%emt 0:03:54]} Rd8 {[%emt 0:02:07]} 32. Qd3 {[%emt 0:03:56]} Qc3 {[%emt 0:01:
22]} 33. Qxc3 {[%emt 0:00:11]} dxc3 {[%emt 0:03:50]} 34. b4 {[%emt 0:00:55]}
Rd4 {[%emt 0:00:05]} 35. Ne3 {[%emt 0:01:32]} Rd2 {[%emt 0:09:44]} 36. b5 {
[%emt 0:01:28]} Bd4 {[%emt 0:06:22]} 37. Kf3 {[%emt 0:01:14]} Rb2 {[%emt 0:00:
13]} 38. Rd1 {[%emt 0:00:30]} Bxe3 {[%emt 0:00:05]} 1/2-1/2

[Event "II Zicosur 2016"]
[Site "Antofagasta"]
[Date "2016.01.07"]
[Round "5"]
[White "Tiviakov, Sergei"]
[Black "Delgado Ramirez, Neuris"]
[Result "1/2-1/2"]
[WhiteElo "2611"]
[BlackElo "2609"]
[Annotator "Robot 9"]
[PlyCount "41"]
[EventDate "2016.??.??"]
[EventCountry "CHI"]
[TimeControl "5400+30"]

1. e4 {[%emt 0:00:00]} c5 {[%emt 0:00:00]} 2. Nf3 {[%emt 0:00:00]} d6 {[%emt 0:
00:00]} 3. Bb5+ {[%emt 0:00:00]} Bd7 {[%emt 0:00:00]} 4. Bxd7+ {[%emt 0:00:00]}
Nxd7 {[%emt 0:00:00]} 5. Nc3 {[%emt 0:00:02]} e6 {[%emt 0:00:08]} 6. O-O {
[%emt 0:00:07]} Ngf6 {[%emt 0:00:08]} 7. d3 {[%emt 0:00:06]} Be7 {[%emt 0:00:
11]} 8. Ng5 {[%emt 0:00:20]} Ne5 {[%emt 0:00:43]} 9. f4 {[%emt 0:00:11]} Nc6 {
[%emt 0:00:04]} 10. Kh1 {[%emt 0:00:55]} Nd7 {[%emt 0:01:07]} 11. Be3 {[%emt 0:
03:12]} Bxg5 {[%emt 0:01:00]} 12. fxg5 {[%emt 0:00:09]} Nde5 {[%emt 0:00:08]}
13. Qd2 {[%emt 0:00:34]} Qe7 {[%emt 0:00:26]} 14. a3 {[%emt 0:00:26]} O-O {
[%emt 0:00:17]} 15. Ne2 {[%emt 0:00:22]} f6 {[%emt 0:00:48]} 16. gxf6 {[%emt 0:
00:20]} Rxf6 {[%emt 0:00:08]} 17. Bg5 {[%emt 0:00:23]} Rxf1+ {[%emt 0:00:06]}
18. Rxf1 {[%emt 0:00:04]} Qd7 {[%emt 0:00:26]} 19. Qe3 {[%emt 0:00:20]} h6 {
[%emt 0:00:33]} 20. Bh4 {[%emt 0:00:10]} Rf8 {[%emt 0:00:12]} 21. Rxf8+ {
[%emt 0:00:05]} 1/2-1/2